banner-ar

حل الدولة الواحدة للصراع العربى الاسرائيلى : (Record no. 59892)

MARC details
000 -الفاتح
حقل البيانات ثابتة الطول 01377nam a22002897a 4500
005 - وقت وتاريخ اخر تعامل مع التسجيلة
رقم الضبط 20240530110341.0
008 - عناصر البيانات ثابتة الطول - معلومات عامة
حقل البيانات ثابتة الطول 141113s2012 le gr 000 0 ara d
020 ## - الرقم الدولى المعيارى للكتب
الرقم الدولى المعيارى للكتاب 9789953824673
040 ## - مصدر الفهرسة
وكالة الفهرسة الأصلية EG-CaGPL
082 04 - رقم تصنيف ديوى العشرى
رقم الطبعة 21
رقم التصنيف 327.17\
رقم المادة أ ح
245 10 - بيان العنوان
العنوان حل الدولة الواحدة للصراع العربى الاسرائيلى :
بقية العنوان بلد واحدة لكل مواطنيه /
بيان المسئوليه,etc اسعد غانم ...[ وأخ ] ؛ اعداد وتحرير هانى احمد فارس ؛ ساهم فى ترجمة فصول من هذا الكتاب سعد محيو ، غزوان حميد ، هانى احمد فارس
250 ## - بيان الطبعة
بيان الطبعة ط1
260 ## - PUBLICATION, DISTRIBUTION, ETC. (IMPRINT)
تاريخ النشر أو التوزيع 2012
300 ## - الوصف المادى
التعداد 496 ص ؛
أبعاد الوعاء 24 سم
650 04 - المدخل الاضافى بالموضوع-مصطلح موضوعى
مصطلح موضوعي النزاع العربى الاسرائيلى
650 04 - المدخل الاضافى بالموضوع-مصطلح موضوعى
مصطلح موضوعي القضية الفلسطينية
700 0# - المدخل الاضافى - اسم شخصى
الإسم الشخصى هانى احمد فارس
الدور معد
700 0# - المدخل الاضافى - اسم شخصى
الإسم الشخصى اسعد غانم
الدور مؤلف مشارك
700 0# - المدخل الاضافى - اسم شخصى
الإسم الشخصى سعد محيو
الدور مترجم
700 0# - المدخل الاضافى - اسم شخصى
الإسم الشخصى غزوان حميد
الدور مترجم
700 0# - المدخل الاضافى - اسم شخصى
الإسم الشخصى هانى احمد فارس
الدور مترجم
700 0# - المدخل الاضافى - اسم شخصى
الإسم الشخصى ليلى فرسخ
الدور مؤلف مشارك
700 0# - المدخل الاضافى - اسم شخصى
الإسم الشخصى سمادار لافى
الدور مؤلف مشارك
700 0# - المدخل الاضافى - اسم شخصى
الإسم الشخصى ايلان بابه
الدور مؤلف مشارك
942 ## - عناصر المدخل الإضافي( كوها)
مصدر التصنيف او مخطط الترفيف Dewey Decimal Classification
Koha [default] item type كتاب
260 ## - PUBLICATION, DISTRIBUTION, ETC. (IMPRINT)
-- بيروت :
-- مركز دراسات الوحدة العربية ،
Holdings
حالة التراجع حالة الفقد حالة تلف ليس للاعارة المكان المؤقت الموقع الحالى تاريخ الاكتساب اجمالي اﻻعارات رقم الطلب الباركود تاريخ اخر مشاهدة تاريخ تفعيل السعر نوع وعاء كوها
        مكتبة القاهرة الكبرى مكتبة القاهرة الكبرى 11/13/2014   327.17\ أ ح 158852 11/13/2014 11/13/2014 كتاب

Powered By

EGPV